00353pab a2200133 454500008004000000100001500040245006600055260000900121300001500130362001200145650002700157650001100184773002400195180718b2013 xxu||||| |||| 00| 0 eng d aAmann, Ron aOn the receiving end: The governance of the police in Britain c2013 ap.181-199. aApr-Jun aPolice - Great Britain aPolice aPolitical Quarterly